Cómo construir armarios y muebles auxiliares /

Gardado en:
Detalles Bibliográficos
Autor Principal: Adam, Hans (autor)
Formato: Libro
Idioma:Lingua castelá
Publicado: Barcelona, España : CEAC, 1995, c1995
Series:(Biblioteca Técnica de la Madera)
Temas:
Etiquetas: Engadir etiqueta
Sen Etiquetas, Sexa o primeiro en etiquetar este rexistro!

MARC

LEADER 00000nam^a2200000^a^4500
001 000053166
005 20250521000000.0
009 20260526115505.479
020 |a 84-329-7518-4 
037 |a Acervo ITESO - Biblioteca 
041 |a ESP 
082 |a 684. 08  |b ADA 
100 |a Adam, Hans  |e (autor) 
245 1 0 |a Cómo construir armarios y muebles auxiliares /  |c H. Adam. 
264 4 |a Barcelona, España :  |b CEAC,  |c 1995, c1995 
300 |a 394 p. 
336 |a texto  |b txt  |2 rdacontenido 
337 |a sin mediación  |b n  |2 rdamedio 
338 |a volumen  |b nc  |2 rdasoporte 
440 1 |a (Biblioteca Técnica de la Madera) 
500 |a Traducción de: Handbuch der konstruktion 
649 |a XX 
650 |a Muebles 
650 |a Carpintería y Ebanistería 
650 |a Madera 
650 |a Artesanía 
910 |a Fondo General 
920 |a Impresos - Libros 
930 |a Colección General 
905 |a 101 
901 |a 0500010570  |b IT1  |c ACC  |u 20250521 
902 |a https://opac.biblio.iteso.mx/vufind/Record/000053166